00636nam a2200169Ia 4500008004100000020001500041041000800056082001700064100002100081245014100102250000600243260003800249300001400287650001400301999001900315952013200334210716s2006 xx 000 0 und d a1419520199 aeng a658.804 BARM aBarletta, Marti. aMarketing to women: how to increase your share of the world's largest market.bHow to increase your share of the world's largest market. a2 aNew YorkbKaplan Publishingc2006 axxxiv,325 aMarketing c201587d201587 00102ddc40738MBAaAIMITbAIMITd2006-10-31g1131.00l0o658.804 BARMpMBA04153r2025-07-21 00:00:00v565.50w2021-07-16yBK